[Event "Kuwait IEFS op 1st"]
[Site "Kuwait"]
[Date "2018.10.20"]
[Round "2"]
[White "Abdel Latif, Alaa Mahmoud"]
[Black "Stojanovic, Marija R"]
[Result "0-1"]
[WhiteElo "1703"]
[BlackElo "2113"]
[PlyCount "98"]
[EventDate "2018.10.19"]
[EventType "swiss"]
[EventRounds "8"]
[EventCountry "KUW"]
[SourceTitle "CBM 187 Extra"]
[Source "ChessBase"]
[SourceDate "2018.11.04"]
[SourceVersion "1"]
[SourceVersionDate "2018.11.04"]
[SourceQuality "1"]

1. e4 c5 2. Nf3 d6 3. d4 cxd4 4. c3 d3 5. Bxd3 Nc6 6. Bf4 Nf6 7. 0-0 e6 8. Re1 Be7 9. Nbd2 0-0 10. Qe2 e5 11. Bg5 h6 12. Bxf6 Bxf6 13. Rad1 Be6 14. Bc4 Qc7 15. Bb3 Rad8 16. Nf1 Qb6 17. Bd5 Bxd5 18. Rxd5 Ne7 19. Rd3 d5 20. exd5 Rxd5 21. Rxd5 Nxd5 22. Qc2 Re8 23. Ng3 g6 24. h4 Nf4 25. h5 Bg7 26. hxg6 Qxg6 27. Qf5 Qe6 28. Qe4 Qxa2 29. Qxb7 Qd5 30. Qxd5 Nxd5 31. Nf5 e4 32. Nd6 Rb8 33. Rxe4 Rxb2 34. Re8+ Kh7 35. c4 Nf6 36. Re7 Ng4 37. Nxf7 Bf8 38. Re1 Bc5 39. N7g5+ hxg5 40. Nxg5+ Kg6 41. Ne4 Bd4 42. Rd1 Re2 43. g3 Rxe4 44. Kg2 Bxf2 45. Kf3 Rxc4 46. Rd6+ Kf5 47. Rd5+ Ke6 48. Rg5 Bxg3 49. Kxg3 Ne5 0-1

[Event "Olympiad Women-43"]
[Site "Batumi"]
[Date "2018.10.02"]
[Round "8.2"]
[White "Franco Valencia, Beatriz Irene"]
[Black "Stojanovic, Marija R"]
[Result "1-0"]
[WhiteElo "2191"]
[BlackElo "2113"]
[PlyCount "47"]
[EventDate "2018.09.24"]
[EventType "team-swiss"]
[EventRounds "11"]
[EventCountry "GEO"]
[SourceTitle "EXT 2020"]
[Source "ChessBase"]
[SourceDate "2019.10.17"]
[SourceVersion "1"]
[SourceVersionDate "2019.10.17"]
[SourceQuality "1"]
[WhiteTeam "Colombia (W)"]
[BlackTeam "Montenegro (W)"]
[WhiteTeamCountry "COL"]
[BlackTeamCountry "MNE"]

1. d4 Nf6 2. Nf3 g6 3. c4 Bg7 4. Nc3 0-0 5. g3 d6 6. Bg2 c5 7. d5 e6 8. 0-0 exd5 9. Nxd5 Nxd5 10. Qxd5 Nc6 11. Bf4 Be6 12. Qxd6 Bxc4 13. Qxc5 Bxe2 14. Rfe1 Re8 15. Ng5 h6 16. Nxf7 Kxf7 17. Bd5+ Kf6 18. Qc3+ Kf5 19. Qc2+ Kf6 20. Bxc6 bxc6 21. Rxe2 Rxe2 22. Qxe2 Kf7 23. Rd1 Qf6 24. Qc4+ 1-0

[Event "Olympiad Women-43"]
[Site "Batumi"]
[Date "2018.09.30"]
[Round "6.30"]
[White "Stojanovic, Marija R"]
[Black "Wafa, Shrook"]
[Result "0-1"]
[WhiteElo "2113"]
[BlackElo "2136"]
[PlyCount "78"]
[EventDate "2018.09.24"]
[EventType "team-swiss"]
[EventRounds "11"]
[EventCountry "GEO"]
[SourceTitle "EXT 2020"]
[Source "ChessBase"]
[SourceDate "2019.10.17"]
[SourceVersion "1"]
[SourceVersionDate "2019.10.17"]
[SourceQuality "1"]
[WhiteTeam "Montenegro (W)"]
[BlackTeam "Egypt (W)"]
[WhiteTeamCountry "MNE"]
[BlackTeamCountry "EGY"]

1. e4 c5 2. Nf3 d6 3. d4 cxd4 4. Nxd4 Nf6 5. Nc3 g6 6. Be3 Bg7 7. h3 0-0 8. Bc4 Nc6 9. Bb3 Bd7 10. 0-0 a6 11. f4 Rc8 12. Qd3 Qa5 13. Nxc6 Bxc6 14. Rf2 Nd7 15. Bd4 Nc5 16. Qe3 e5 17. fxe5 Nxb3 18. cxb3 Bxe5 19. Rd1 Rce8 20. Bxe5 Qxe5 21. Qd4 Bxe4 22. Qxd6 Qxd6 23. Rxd6 f5 24. Rfd2 Rf7 25. Kf2 Kg7 26. b4 Bc6 27. a3 Re5 28. Ne2 Rf6 29. Rd8 Be4 30. Nc3 Rf7 31. Na4 f4 32. Nc5 Bc6 33. R8d6 f3 34. g3 Rfe7 35. a4 Re2+ 36. Kf1 Re1+ 37. Kf2 R7e2+ 38. Rxe2 Rxe2+ 39. Kf1 Rxb2 0-1

[Event "EU-chT (Women) 21st"]
[Site "Heraklion"]
[Date "2017.10.31"]
[Round "4.2"]
[White "Stojanovic, Marija R"]
[Black "Teuschler, Barbara"]
[Result "0-1"]
[WhiteElo "2102"]
[BlackElo "2228"]
[PlyCount "78"]
[EventDate "2017.10.28"]
[EventType "team-swiss"]
[EventRounds "9"]
[EventCountry "GRE"]
[SourceTitle "CBM 181 Extra"]
[Source "ChessBase"]
[SourceDate "2017.12.12"]
[SourceVersion "1"]
[SourceVersionDate "2017.12.12"]
[SourceQuality "1"]
[WhiteTeam "Montenegro (W)"]
[BlackTeam "Austria (W)"]
[WhiteTeamCountry "MNE"]
[BlackTeamCountry "AUT"]

1. e4 e5 2. Nf3 d6 3. d4 exd4 4. Nxd4 Nf6 5. Nc3 Be7 6. Be2 0-0 7. 0-0 Re8 8. Bf3 Bf8 9. Re1 Nbd7 10. Nd5 c6 11. Nxf6+ Qxf6 12. c3 Ne5 13. Be2 Bd7 14. Be3 Ng6 15. Qc2 Rad8 16. Nf3 Qe6 17. Bd3 c5 18. c4 Bc6 19. Bd2 Be7 20. a3 Bf6 21. Rab1 b6 22. b4 h6 23. b5 Bb7 24. a4 Be5 25. a5 Nf4 26. Bxf4 Bxf4 27. a6 Bc8 28. Re2 Qf6 29. Ne1 Bg4 30. f3 Bc8 31. Qb2 Be5 32. Qb3 h5 33. Bc2 h4 34. Nd3 Bd4+ 35. Nf2 Qf4 36. Qd3 Be5 37. h3 Re6 38. Qe3 Qh2+ 39. Kf1 Rg6 0-1

[Event "EU-chT (Women) 21st"]
[Site "Heraklion"]
[Date "2017.10.29"]
[Round "2.2"]
[White "Nikolovska, Dragana"]
[Black "Stojanovic, Marija R"]
[Result "0-1"]
[WhiteElo "1854"]
[BlackElo "2102"]
[PlyCount "116"]
[EventDate "2017.10.28"]
[EventType "team-swiss"]
[EventRounds "9"]
[EventCountry "GRE"]
[SourceTitle "CBM 181 Extra"]
[Source "ChessBase"]
[SourceDate "2017.12.12"]
[SourceVersion "1"]
[SourceVersionDate "2017.12.12"]
[SourceQuality "1"]
[WhiteTeam "Macedonia (W)"]
[BlackTeam "Montenegro (W)"]
[WhiteTeamCountry "MKD"]
[BlackTeamCountry "MNE"]

1. e4 e6 2. d4 d5 3. Bd3 Nf6 4. e5 Nfd7 5. Nf3 c5 6. c3 Nc6 7. a3 c4 8. Bc2 Na5 9. Ng5 Be7 10. Qh5 Bxg5 11. Bxg5 Qb6 12. Ra2 Nb8 13. Nd2 Bd7 14. 0-0 Nbc6 15. f4 h6 16. Kh1 Rf8 17. Bh4 Ne7 18. Bxe7 Kxe7 19. Nf3 Kd8 20. Nh4 Kc7 21. Qg4 g6 22. Nf3 Rae8 23. Qh4 Rh8 24. Qf6 Ref8 25. Nd2 Kb8 26. Qe7 Qd8 27. Qxd8+ Rxd8 28. a4 Rc8 29. Nb1 Rc6 30. Na3 Rb6 31. Bd1 Nb3 32. Bxb3 cxb3 33. Raa1 Bxa4 34. Nc4 dxc4 35. Rxa4 Rc6 36. Rfa1 a6 37. Kg1 Ka7 38. Ra5 Rd8 39. Kf2 Rd5 40. Rxd5 exd5 41. Ke3 b5 42. Kd2 Kb6 43. g4 a5 44. f5 gxf5 45. gxf5 a4 46. Rg1 b4 47. e6 fxe6 48. f6 Rc8 49. f7 Rf8 50. Rg8 Rxf7 51. Rb8+ Kc7 52. Rxb4 Rf2+ 53. Kc1 Rc2+ 54. Kb1 Rxh2 55. Kc1 Rc2+ 56. Kb1 Re2 57. Kc1 Re1+ 58. Kd2 Rb1 0-1

[Event "EU-chT (Women) 20th"]
[Site "Reykjavik"]
[Date "2015.11.22"]
[Round "9.3"]
[White "Bulmaga, Irina"]
[Black "Stojanovic, Marija R"]
[Result "1-0"]
[WhiteElo "2391"]
[BlackElo "2153"]
[PlyCount "85"]
[EventDate "2015.11.13"]
[EventType "team-swiss"]
[EventRounds "9"]
[EventCountry "ISL"]
[SourceTitle "CBM 169 Extra"]
[Source "ChessBase"]
[SourceDate "2015.12.18"]
[SourceVersion "1"]
[SourceVersionDate "2015.12.18"]
[SourceQuality "1"]
[WhiteTeam "Romania (W)"]
[BlackTeam "Montenegro (W)"]
[WhiteTeamCountry "ROU"]
[BlackTeamCountry "MNE"]

1. e4 e6 2. d4 d5 3. Nc3 Nf6 4. Bg5 dxe4 5. Nxe4 Be7 6. Bxf6 gxf6 7. Nf3 f5 8. Nc3 a6 9. Bd3 Qd6 10. Qe2 b5 11. 0-0-0 c6 12. Kb1 Nd7 13. Ne5 Nxe5 14. dxe5 Qb4 15. Qf3 Bd7 16. Ne2 0-0-0 17. c3 Qc5 18. Nd4 Kc7 19. Rhe1 h5 20. Nb3 Qb6 21. c4 c5 22. Qe2 b4 23. Bc2 Bc6 24. Rxd8 Bxd8 25. g3 h4 26. g4 f4 27. Be4 Ba4 28. Nc1 Bg5 29. Bc2 Bc6 30. Be4 Rd8 31. Nb3 Rd7 32. Nd2 Bh6 33. Nf3 Bg7 34. g5 Qb7 35. Bxc6 Qxc6 36. Nxh4 a5 37. Nf3 Rd8 38. h4 Qd7 39. h5 Qd3+ 40. Qxd3 Rxd3 41. h6 Bh8 42. g6 fxg6 43. Ng5 1-0

[Event "EU-chT (Women) 20th"]
[Site "Reykjavik"]
[Date "2015.11.20"]
[Round "7.3"]
[White "Stojanovic, Marija R"]
[Black "Thorsteinsdottir, Gudlaug"]
[Result "1/2-1/2"]
[WhiteElo "2153"]
[BlackElo "2005"]
[PlyCount "87"]
[EventDate "2015.11.13"]
[EventType "team-swiss"]
[EventRounds "9"]
[EventCountry "ISL"]
[SourceTitle "CBM 169 Extra"]
[Source "ChessBase"]
[SourceDate "2015.12.18"]
[SourceVersion "1"]
[SourceVersionDate "2015.12.18"]
[SourceQuality "1"]
[WhiteTeam "Montenegro (W)"]
[BlackTeam "Iceland (W)"]
[WhiteTeamCountry "MNE"]
[BlackTeamCountry "ISL"]

1. e4 e5 2. Nf3 Nc6 3. d4 exd4 4. Nxd4 Bb4+ 5. c3 Bc5 6. Be3 Bb6 7. Nf5 Bxe3 8. Nxe3 Nf6 9. Bd3 d6 10. Nd2 Ne5 11. Be2 Ng6 12. Qc2 Bd7 13. 0-0-0 0-0 14. g3 Re8 15. f4 Bc6 16. Bf3 Qc8 17. h4 h5 18. Rde1 a5 19. Nf5 b5 20. Nd4 Bb7 21. Nxb5 a4 22. Nd4 Qd7 23. Qd1 c5 24. Nc2 Bc6 25. Na3 Qb7 26. Nac4 Reb8 27. Qc2 Qc7 28. e5 dxe5 29. Bxc6 Qxc6 30. fxe5 Ng4 31. Rhf1 Nf8 32. Qf5 Qg6 33. Nd6 Ra7 34. N2c4 Qxf5 35. Rxf5 g6 36. Rff1 Kg7 37. Ne4 Ne6 38. Nf6 Nh6 39. Nd6 Ra6 40. Re4 Ra5 41. Rd1 Ra7 42. Rd5 Kh8 43. Rc4 Kg7 44. Kc2 1/2-1/2

[Event "EU-chT (Women) 20th"]
[Site "Reykjavik"]
[Date "2015.11.19"]
[Round "6.3"]
[White "Machlik, Monika"]
[Black "Stojanovic, Marija R"]
[Result "0-1"]
[WhiteElo "2176"]
[BlackElo "2153"]
[PlyCount "80"]
[EventDate "2015.11.13"]
[EventType "team-swiss"]
[EventRounds "9"]
[EventCountry "ISL"]
[SourceTitle "CBM 169 Extra"]
[Source "ChessBase"]
[SourceDate "2015.12.18"]
[SourceVersion "1"]
[SourceVersionDate "2015.12.18"]
[SourceQuality "1"]
[WhiteTeam "Norway (W)"]
[BlackTeam "Montenegro (W)"]
[WhiteTeamCountry "NOR"]
[BlackTeamCountry "MNE"]

1. d4 Nf6 2. c4 g6 3. Nc3 Bg7 4. e4 d6 5. f4 0-0 6. Nf3 c5 7. d5 e6 8. dxe6 fxe6 9. Bd3 Nc6 10. 0-0 a6 11. Bd2 Nh5 12. g3 Rb8 13. a4 Qe8 14. Ng5 h6 15. Nf3 Bd7 16. Nh4 Bd4+ 17. Kg2 Nb4 18. Bb1 Bc6 19. h3 Nf6 20. Qe2 Kg7 21. Kh2 e5 22. f5 g5 23. Ng6 Rf7 24. h4 g4 25. Bc1 Qg8 26. Nd1 b5 27. axb5 axb5 28. Nf2 h5 29. Qd2 Rd7 30. Qh6+ Kf7 31. Bg5 Qg7 32. Qxg7+ Kxg7 33. Bxf6+ Kxf6 34. Nd1 bxc4 35. Ra3 Rdb7 36. Nc3 Nd3 37. Bxd3 cxd3 38. Nd5+ Bxd5 39. exd5 Rxb2+ 40. Kh1 d2 0-1

[Event "Olympiad Women-41"]
[Site "Tromsoe"]
[Date "2014.08.06"]
[Round "5.3"]
[White "Ramirez Gonzalez, Maria Jose"]
[Black "Stojanovic, Marija R"]
[Result "0-1"]
[WhiteElo "1764"]
[BlackElo "2100"]
[PlyCount "50"]
[EventDate "2014.08.02"]
[EventType "team-swiss"]
[EventRounds "11"]
[EventCountry "NOR"]
[SourceTitle "CBM 162"]
[Source "ChessBase"]
[SourceDate "2014.09.17"]
[SourceVersion "1"]
[SourceVersionDate "2014.09.17"]
[SourceQuality "1"]
[WhiteTeam "Costa Rica (W)"]
[BlackTeam "Montenegro (W)"]
[WhiteTeamCountry "CRI"]
[BlackTeamCountry "MNE"]

1. d4 Nf6 2. Nf3 g6 3. Bf4 Bg7 4. h3 d6 5. e3 0-0 6. Be2 c5 7. c3 Be6 8. 0-0 Qb6 9. Qc2 Rc8 10. Bh2 Nc6 11. Rd1 cxd4 12. exd4 Bf5 13. Qb3 Qxb3 14. axb3 Bc2 15. Rc1 Bxb3 16. c4 d5 17. c5 a5 18. Nbd2 a4 19. Bb5 Ne4 20. Nxb3 axb3 21. Bxc6 bxc6 22. Bf4 Ra2 23. Rxa2 bxa2 24. Ra1 Ra8 25. Kf1 Nxc5 0-1

[Event "Olympiad Women-40"]
[Site "Istanbul"]
[Date "2012.09.07"]
[Round "10.3"]
[White "Debowska, Teresa"]
[Black "Stojanovic, Marija R"]
[Result "1-0"]
[WhiteElo "1837"]
[BlackElo "2097"]
[PlyCount "81"]
[EventDate "2012.08.28"]
[EventType "team-swiss"]
[EventRounds "11"]
[EventCountry "TUR"]
[SourceTitle "CBM 150 Extra"]
[Source "ChessBase"]
[SourceDate "2012.10.19"]
[SourceVersion "1"]
[SourceVersionDate "2012.10.19"]
[SourceQuality "1"]
[WhiteTeam "IBCA (W)"]
[BlackTeam "Montenegro (W)"]
[BlackTeamCountry "MNE"]

1. d4 Nf6 2. c4 g6 3. Nc3 Bg7 4. e4 d6 5. Nf3 0-0 6. Be2 e5 7. 0-0 Nc6 8. d5 Ne7 9. Re1 Nd7 10. Qc2 f5 11. exf5 gxf5 12. Ng5 Nf6 13. Qb3 b6 14. f3 Ng6 15. Bd3 Qe7 16. Nb5 a6 17. Nd4 e4 18. Nc6 Qe8 19. Bd2 h6 20. fxe4 hxg5 21. exf5 Ne5 22. Bxg5 Qh5 23. Bf4 Nxd3 24. Qxd3 Bd7 25. Ne7+ Kh7 26. Re3 Qg4 27. Rh3+ Nh5 28. f6+ Bf5 29. Nxf5 Bxf6 30. Ng3+ Qg6 31. Rxh5+ Kg7 32. Bh6+ Kf7 33. Qxg6+ Kxg6 34. Bxf8 Rxf8 35. Rh3 Bxb2 36. Rf1 Bd4+ 37. Kh1 Rxf1+ 38. Nxf1 b5 39. cxb5 axb5 40. Rf3 b4 41. Nd2 1-0

[Event "Olympiad Women-40"]
[Site "Istanbul"]
[Date "2012.09.05"]
[Round "8.4"]
[White "Stojanovic, Marija R"]
[Black "Koepke, Elena"]
[Result "0-1"]
[WhiteElo "2097"]
[BlackElo "2301"]
[PlyCount "122"]
[EventDate "2012.08.28"]
[EventType "team-swiss"]
[EventRounds "11"]
[EventCountry "TUR"]
[SourceTitle "CBM 150 Extra"]
[Source "ChessBase"]
[SourceDate "2012.10.19"]
[SourceVersion "1"]
[SourceVersionDate "2012.10.19"]
[SourceQuality "1"]
[WhiteTeam "Montenegro (W)"]
[BlackTeam "Germany (W)"]
[WhiteTeamCountry "MNE"]
[BlackTeamCountry "GER"]

1. e4 d6 2. d4 Nf6 3. Nc3 g6 4. Nf3 Bg7 5. Bc4 0-0 6. 0-0 Nxe4 7. Nxe4 d5 8. Bd3 dxe4 9. Bxe4 Nd7 10. c3 c5 11. Be3 Qc7 12. Qb3 Nf6 13. Bd3 Ng4 14. Rfe1 cxd4 15. cxd4 Nxe3 16. fxe3 Be6 17. d5 Bg4 18. Rac1 Qa5 19. Re2 Rad8 20. e4 e6 21. Qxb7 exd5 22. exd5 Rxd5 23. Bc4 Rd7 24. Qe4 Bf5 25. Qf4 Rfd8 26. Rce1 Qb6+ 27. Kh1 Qd6 28. Qxd6 Rxd6 29. Re7 R6d7 30. Bxf7+ Kf8 31. Rxd7 Rxd7 32. Bb3 Bxb2 33. h3 Re7 34. Rxe7 Kxe7 35. Kg1 Bf6 36. Kf2 Bd3 37. Ke3 Bf1 38. Kf2 Bb5 39. Bg8 h6 40. h4 Bd7 41. Ke3 Bb2 42. Bc4 Kf6 43. Ne1 Bc1+ 44. Kf3 Bd2 45. Nd3 Bc6+ 46. Kf2 Kf5 47. Nc5 Ba5 48. Nd3 Bd8 49. Kg3 Bc7+ 50. Kh3 Ke4 51. Nf2+ Ke3 52. Ng4+ Kd4 53. Bf7 h5 54. Nf6 Ke5 55. Nh7 Bd7+ 56. Kg3 Kf5+ 57. Kf3 Bc6+ 58. Kf2 Bd8 59. Nf8 Bxh4+ 60. g3 Be7 61. Nh7 Be4 0-1

[Event "EU-chT (Women) 18th"]
[Site "Porto Carras"]
[Date "2011.11.08"]
[Round "6.3"]
[White "Kopinits, Anna Christina"]
[Black "Stojanovic, Marija R"]
[Result "1-0"]
[WhiteElo "2276"]
[BlackElo "2095"]
[PlyCount "77"]
[EventDate "2011.11.03"]
[EventType "team-swiss"]
[EventRounds "9"]
[EventCountry "GRE"]
[SourceTitle "EXT 2012"]
[Source "ChessBase"]
[SourceDate "2011.11.24"]
[SourceVersion "1"]
[SourceVersionDate "2011.11.24"]
[SourceQuality "1"]
[WhiteTeam "Austria (W)"]
[BlackTeam "Montenegro (W)"]
[WhiteTeamCountry "AUT"]
[BlackTeamCountry "MNE"]

1. e4 c5 2. Nf3 d6 3. d4 cxd4 4. Nxd4 Nf6 5. Nc3 a6 6. Be2 e6 7. 0-0 Be7 8. Kh1 0-0 9. a4 Nc6 10. Be3 Qc7 11. f4 Rb8 12. Qe1 Re8 13. Qg3 Nb4 14. a5 Bd7 15. e5 Nfd5 16. Nxd5 Nxd5 17. Bd2 b5 18. Bd3 f5 19. exf6 Bxf6 20. c3 b4 21. Bxa6 bxc3 22. Bxc3 Nxc3 23. bxc3 Ra8 24. Bb5 Bxd4 25. Bxd7 Qxc3 26. Qxc3 Bxc3 27. Ra3 Re7 28. Bc6 Bb4 29. Ra4 Rc8 30. a6 Bc5 31. Bb7 Rcc7 32. Rc1 Ba7 33. Rac4 Rxc4 34. Rxc4 Kf7 35. g3 g6 36. Kg2 e5 37. Bd5+ Ke8 38. Rc8+ Kd7 39. Ra8 1-0

[Event "EU-chT (Women) 18th"]
[Site "Porto Carras"]
[Date "2011.11.05"]
[Round "3.3"]
[White "Guichard, Pauline"]
[Black "Stojanovic, Marija R"]
[Result "1-0"]
[WhiteElo "2305"]
[BlackElo "2095"]
[PlyCount "69"]
[EventDate "2011.11.03"]
[EventType "team-swiss"]
[EventRounds "9"]
[EventCountry "GRE"]
[SourceTitle "EXT 2012"]
[Source "ChessBase"]
[SourceDate "2011.11.24"]
[SourceVersion "1"]
[SourceVersionDate "2011.11.24"]
[SourceQuality "1"]
[WhiteTeam "France (W)"]
[BlackTeam "Montenegro (W)"]
[WhiteTeamCountry "FRA"]
[BlackTeamCountry "MNE"]

1. d4 Nf6 2. c4 g6 3. Nc3 Bg7 4. e4 d6 5. Be2 0-0 6. Nf3 e5 7. 0-0 Nbd7 8. Be3 Re8 9. d5 Nh5 10. Re1 Nf4 11. Bf1 Nf8 12. Qd2 Nh5 13. b4 f5 14. Bg5 Bf6 15. c5 f4 16. Bxf6 Qxf6 17. Nb5 Re7 18. Rac1 g5 19. h3 g4 20. hxg4 Bxg4 21. Nh2 Rg7 22. Rc3 f3 23. Nxg4 Rxg4 24. Qd1 Qg5 25. Qxf3 Rf4 26. Qh3 Rh4 27. Qf5 Qxf5 28. exf5 Rxb4 29. Nxc7 Rd8 30. Ne6 Rc8 31. Rh3 Nf6 32. Rg3+ Kh8 33. cxd6 Nxd5 34. Rxe5 Nf6 35. Ng5 1-0

[Event "EU-chT (Women) 18th"]
[Site "Porto Carras"]
[Date "2011.11.04"]
[Round "2.3"]
[White "Stojanovic, Marija R"]
[Black "Erneste, Inguna"]
[Result "1/2-1/2"]
[WhiteElo "2095"]
[BlackElo "2218"]
[PlyCount "51"]
[EventDate "2011.11.03"]
[EventType "team-swiss"]
[EventRounds "9"]
[EventCountry "GRE"]
[SourceTitle "EXT 2012"]
[Source "ChessBase"]
[SourceDate "2011.11.24"]
[SourceVersion "1"]
[SourceVersionDate "2011.11.24"]
[SourceQuality "1"]
[WhiteTeam "Montenegro (W)"]
[BlackTeam "Latvia (W)"]
[WhiteTeamCountry "MNE"]
[BlackTeamCountry "LAT"]

1. e4 e5 2. Nf3 Nc6 3. Bb5 a6 4. Ba4 Nf6 5. 0-0 Be7 6. Re1 b5 7. Bb3 d6 8. h3 0-0 9. c3 Nb8 10. d4 Nbd7 11. Nbd2 Bb7 12. a4 c5 13. Bc2 Re8 14. Nf1 Bf8 15. d5 c4 16. Ng3 g6 17. Be3 h6 18. Nh2 Bg7 19. h4 h5 20. Bg5 Qc7 21. Qd2 Nh7 22. Bh6 Bf6 23. Nf3 Nc5 24. Ng5 Qd7 25. axb5 axb5 26. f3 1/2-1/2

[Event "Olympiad Women-39"]
[Site "Khanty-Mansiysk"]
[Date "2010.09.30"]
[Round "9.23"]
[White "Lacau Rodean, Iulia"]
[Black "Stojanovic, Marija R"]
[Result "1-0"]
[WhiteElo "2024"]
[BlackElo "2112"]
[PlyCount "57"]
[EventDate "2010.09.21"]
[EventType "team-swiss"]
[EventRounds "11"]
[EventCountry "RUS"]
[SourceTitle "CBM 139"]
[Source "ChessBase"]
[SourceDate "2010.11.18"]
[SourceVersion "1"]
[SourceVersionDate "2010.11.18"]
[SourceQuality "1"]
[WhiteTeam "Canada (W)"]
[BlackTeam "Montenegro (W)"]
[WhiteTeamCountry "CAN"]
[BlackTeamCountry "MNE"]

1. e4 c5 2. Nf3 Nc6 3. g3 Nf6 4. Qe2 d6 5. Bg2 Bg4 6. c3 Ne5 7. d4 Nxf3+ 8. Bxf3 Bxf3 9. Qxf3 cxd4 10. cxd4 e5 11. dxe5 dxe5 12. 0-0 Be7 13. Nc3 0-0 14. Bg5 Rc8 15. Rfd1 Qa5 16. Bxf6 Bxf6 17. Nd5 Rc6 18. a4 Qc5 19. b4 Qc2 20. b5 Rc4 21. Nxf6+ gxf6 22. Qxf6 Rxa4 23. Qg5+ Kh8 24. Qxe5+ Kg8 25. Qg5+ Kh8 26. Qe7 Kg8 27. Qxb7 Re8 28. e5 Qe2 29. Qd7 1-0

[Event "Olympiad Women-39"]
[Site "Khanty-Mansiysk"]
[Date "2010.09.27"]
[Round "6.32"]
[White "Bejatovic, Bojana"]
[Black "Stojanovic, Marija R"]
[Result "0-1"]
[WhiteElo "1891"]
[BlackElo "2112"]
[PlyCount "88"]
[EventDate "2010.09.21"]
[EventType "team-swiss"]
[EventRounds "11"]
[EventCountry "RUS"]
[SourceTitle "CBM 139"]
[Source "ChessBase"]
[SourceDate "2010.11.18"]
[SourceVersion "1"]
[SourceVersionDate "2010.11.18"]
[SourceQuality "1"]
[WhiteTeam "Macedonia (W)"]
[BlackTeam "Montenegro (W)"]
[WhiteTeamCountry "MKD"]
[BlackTeamCountry "MNE"]

1. e4 c5 2. Nf3 d6 3. d4 cxd4 4. Qxd4 Nc6 5. Bb5 Bd7 6. Bxc6 Bxc6 7. Nc3 Nf6 8. Bg5 e6 9. 0-0-0 Be7 10. Qd3 Qa5 11. Kb1 0-0 12. h4 Rfd8 13. Nd4 Rac8 14. f4 h6 15. g4 Qb4 16. Rdg1 Be8 17. Nde2 Qc4 18. Qf3 b5 19. Bxf6 Bxf6 20. g5 Bxc3 21. Nxc3 h5 22. Rh2 b4 23. Nd1 g6 24. f5 exf5 25. exf5 Bc6 26. Qf2 Bd5 27. b3 Qa6 28. fxg6 fxg6 29. Qf6 Bf7 30. Ne3 Re8 31. Rf2 Qb7 32. Nf5 gxf5 33. Rxf5 Re6 34. Qd4 Bg6 35. Rf6 Bxc2+ 36. Ka1 Qe4 37. Qxe4 Rxe4 38. Rxd6 Rxh4 39. Rh6 Be4 40. Re1 Rc2 41. Re6 Re2 42. Rd1 Rhh2 43. Rd8+ Kf7 44. Rf6+ Ke7 0-1